| 000 | 00676nam a2200217Ia 4500 | ||
|---|---|---|---|
| 003 | OSt | ||
| 005 | 20230518112914.0 | ||
| 008 | 210423s2013 xx 000 0 und d | ||
| 020 | _a978-93-81226-72-8 | ||
| 040 | _cAL | ||
| 041 | _aeng | ||
| 082 |
_a641.35655 MANH _223 |
||
| 100 |
_aMANGARAJ (S);TRIPATHI (M K);ALI (Nawab). _9108004 |
||
| 245 | _aHandbook of nutraceuticals and functional foods: soybean as an example. | ||
| 260 |
_aNew Delhi _bSatish Serial Publishing House _c2013 |
||
| 300 |
_axv,321 _bPB |
||
| 365 |
_b1450 _cINR |
||
| 650 |
_aFood _9108005 |
||
| 906 | _aan ; example. ; foods: ; functional ; Handbook ; nutraceuticals ; soybean | ||
| 942 |
_2ddc _cBK |
||
| 999 |
_c165055 _d165055 |
||